| 000 | 00391nam a2200169Ia 4500 | ||
|---|---|---|---|
| 008 | 221030s9999 xx 000 0 und d | ||
| 020 | _a007049553X | ||
| 041 | _aEnglish | ||
| 082 |
_a105.23 _bBei |
||
| 100 | _aA. Beiser | ||
| 245 | 0 |
_aConcepts Of Modern Physics _cby A. Beiser |
|
| 250 | _a6th | ||
| 260 |
_bTMH _aNew Delhi _c2003 |
||
| 300 | _a542 | ||
| 650 | _aBB Physics | ||
| 942 | _cBK | ||
| 999 |
_c1151 _d1151 |
||